=LDR 00000nam 2200000 4500 =001 INLIS000000000015879 =005 20130612111141 =008 ***********************************Ind** =035 ##$$0010-061300000015879 =041 ##$$a Ind =082 ##$$a 338.9 =090 ##$$a 338.9, Har e =100 ##$$a Harun, Dadan Kurniawan =245 ##$$a Ekonomi teknik, Ir. Dadan Kurniawan Harun =260 ##$$a 1994 $b Jakarta =300 ##$$a XI-155 hlm., 24 cm =650 ##$$a Ekonomi teknik =850 ##$$a NBPNMAT